A doctor's casebook in the light of the Bible /
Gardado en:
| Autor Principal: | |
|---|---|
| Formato: | Libro |
| Idioma: | inglés |
| Publicado: |
Illinois :
Good News Publishers,
1960.
|
| Subjects: | |
| Tags: |
Sen Etiquetas, Sexa o primeiro en etiquetar este rexistro!
|
MARC
| LEADER | 00000nam a22000007a 4500 | ||
|---|---|---|---|
| 003 | KE-NaDUL | ||
| 005 | 20230414162521.0 | ||
| 008 | 230414b |||||||| |||| 00| 0 eng d | ||
| 040 | |a DUL |c DUL |d Dwaswala | ||
| 050 | 0 | 0 | |a BT732.T68 1960 |
| 100 | 1 | |a Tournier, Paul. |9 124750 | |
| 245 | 1 | 2 | |a A doctor's casebook in the light of the Bible / |c by Paul Tournier ; translated by Edwin Hudson. |
| 260 | |a Illinois : |b Good News Publishers, |c 1960. | ||
| 300 | |a 61 p. | ||
| 650 | 0 | |a Medicine |x Religious aspects. |9 124751 | |
| 650 | 0 | |a Medicine in the Bible. |9 124752 | |
| 942 | |2 lcc |c REF |h BT732 |i .T68 |m 1960 |6 BT0732 T68 | ||
| 952 | |0 0 |1 0 |2 lcc |4 0 |6 BT0732 T68 01960 |7 1 |8 REF |9 135707 |a CUI |b CUI |c CUI |d 2023-04-14 |l 0 |o BT732.T68 1960 |p CUI04769 |r 2023-04-14 00:00:00 |w 2023-04-14 |x 04769 |y REF | ||
| 999 | |c 220113 |d 220112 | ||